Creación de nuevo circuito CLN-3030, en subestación las Colinas para el delastre de cargas de subestaciones Ticuantepe y Altamira
La presente práctica profesional es una referencia al lector que indaga acerca de la creación de nuevo circuito CLN-3030, en subestación las colinas para el delastre de cargas de subestaciones (Ticuantepe y Altamira), como también la elaboración de su diseño y ejecución de este proy...
| Main Author: | |
|---|---|
| Other Authors: | |
| Format: | Tesis Section = Libro |
| Language: | Undetermined Spanish |
| Published: |
Managua
UNI
2021
|
| Subjects: |
| LEADER | 01180nam a2200265Ia 4500 | ||
|---|---|---|---|
| 008 | 240830s9999 xx 000 0 und d | ||
| 040 | |a BIBLIOTECA-RUSB/ Mon 621.3192 H967 | ||
| 041 | |a spa | ||
| 082 | |a Mon 621.3192 H967 | ||
| 100 | 1 | |a Hurtado Leal, Jennifer Odalys | |
| 245 | 1 | 0 | |a Creación de nuevo circuito CLN-3030, en subestación las Colinas para el delastre de cargas de subestaciones Ticuantepe y Altamira |
| 260 | |a Managua |b UNI |c 2021 | ||
| 300 | |a V, 88 p. :il. | ||
| 500 | |a Contiene: anexos y CD. | ||
| 502 | |a Tesis (Ingeniero Eléctrico) - UNI, 2021. | ||
| 520 | 3 | |a La presente práctica profesional es una referencia al lector que indaga acerca de la creación de nuevo circuito CLN-3030, en subestación las colinas para el delastre de cargas de subestaciones (Ticuantepe y Altamira), como también la elaboración de su diseño y ejecución de este proyecto. | |
| 650 | 7 | |a CIRCUITOS ELECTRICOS | |
| 650 | 7 | |b DISEÑO ELECTRICO | |
| 650 | 7 | |c INSTALACIONES ELECTRICAS | |
| 650 | 7 | |d ENERGIA ELECTRICA | |
| 650 | 7 | |e PRACTICAS PROFESIONALES | |
| 700 | 1 | |a Tutor: |b Vanegas, María Fabiola | |
| 942 | |c BK |2 ddc | ||
| 991 | |a TESIS | ||
| 999 | |c 22269 | ||